000 00669cab a2200217 4500
001 WB3045-77
008 090401t1994 xxu||||| |||| 00| 0 eng d
035 _a(Sirsi) u16794
041 _aeng
245 _aNational forest
260 _c1994
350 _a0
490 _aDoE News Release
_v(664) 24 November 1994 (3)
520 _aThe DoE announce the introduction of a tree planting incentive scheme and confirm that the National Forest will receive about £1m from Rural Challenge.
650 _aNATIONAL FOREST
650 _aRURAL CHALLENGE
650 _aTREE PLANTING INCENTIVE SCHEME
690 _aRURAL PRACTICE
942 _n0
948 _c04/03/1997
999 _c11109
_d11109